ロード中...
| LEADER | 00650nam a22001337a 4500 | ||
|---|---|---|---|
| 100 | |a Diwan, Paras |a Diwan, Peeyushi |9 1180 | ||
| 245 | |a Family law | ||
| 260 | |a Faridabad |b Allhabad Law Agency |c 2001 | ||
| 300 | |a 540p. | ||
| 942 | |c LLBB |6 _ | ||
| 999 | |c 185171 |d 185171 | ||
| 952 | |0 0 |1 0 |4 0 |6 34761_DIW2 |7 0 |9 238783 |a SLS |b SLS |d 2009-05-06 |o 347.61 DIW;2 |p SLS023734 |r 2009-05-06 |t 3 |w 2009-05-06 |y LLBB | ||
| 952 | |0 0 |1 0 |4 0 |6 34761_DIW |7 0 |9 238784 |a SLS |b SLS |d 2009-02-11 |l 13 |m 1 |o 347.61 DIW |p SLS023735 |r 2020-01-14 |s 2020-01-14 |t 2 |w 2009-02-11 |y LLBB | ||
| 952 | |0 0 |1 0 |4 0 |6 34761_DIW1 |7 0 |9 238785 |a SLS |b SLS |d 2009-02-11 |l 16 |o 347.61 DIW;1 |p SLS021834 |r 2019-08-05 |s 2019-08-05 |t 1 |w 2009-02-11 |y LLBB | ||